Estadísticas para Historia Quiz

Haz click aquí para intentar la prueba.

Estadísticas generales

  • Esta prueba ha sido intentada 225 veces
  • La puntuación promedio es 7 de 9

Estadísticas de respuestas

PreguntaRespuesta% Correcto
En 1929, ocurre un evento denominado por la historia como "El Crack del 29" el cual consistió...En la caída de la bolsa de valores de Wall Street
93%
Periodo histórico del siglo XX que Cronológicamente se establece desde el final de la Primera Guerra Mundial el 11 de noviembre de 1918 hasta el inicio de la Segunda Guerra Mundial el 1 de septiembre de 1939.Periodo entre Guerras
93%
Durante este periodo, EE.UU se vuelve...Una potencia económica mundial.
93%
¿Cuál(es) de las siguientes características representan al periodo vivido por Estado Unidos durante los años 20?Sociedad de Consumo y nuevas expresiones culturales.
89%
"Este día, dio comienzo la caída de la bolsa de Nueva York que, posteriormente, daría inicio a la Gran Depresión". Esta descripción corresponde a...El Jueves Negro
86%
"Período de prosperidad económica que se produjo en Estados Unidos entre 1922 y 1929, caracterizado por el consumo de servicios y la expresión cultural". Esta descripción corresponde a...Los Felices Años 20
68%
"Nuevas políticas empiezan a entregar más créditos bancarios con el fin de aumentar la demanda . El problema surge cuando se presta más dinero del que se puede manejar, generando una inflación considerable" . Esta descripción puede clasificarse como...Una causa de La Gran Depresión
59%
Las principales causas del Crack del 29 fueron: I. La especulación económica II. La sobreproducción III. El keynesianismo IV. La dependencia en el modelo americanoSolo I, II y IV
42%
¿Cuál(es) de los siguientes enunciados corresponden a consecuencias de la crisis del Estado Decimonónico? I. Cesantía y hambruna II. Sobreproducción III. Surgimiento de Totalitarismos y Populismo Latinoamericanos IV. La migración campo-ciudadSolo I, III y IV
34%

Distribución de puntuación

Porcentaje por número respondido

Porcentaje de gente con cada puntuación

Historial de tus puntuaciones

No has intentado esta prueba.